[Event "PRO League Atlantic 2017"]
[Site "masterchessopen.com chess.com INT"]
[Date "2017.02.01"]
[Round "4"]
[White "Feng,Maggie"]
[Black "Dominguez Perez,L"]
[Result "0-1"]
[WhiteElo "2164"]
[BlackElo "2739"]

1. Nf3 c5 2. g3 g6 3. Bg2 Bg7 4. c4 Nc6 5. Nc3 d6 6. d3 e6 7. Bd2 Nge7 8. O-O
b6 9. a3 Bb7 10. Rb1 Qd7 11. b4 Rd8 12. Qc1 h6 13. bxc5 dxc5 14. Ne4 f5 15.
Nc3 g5 16. Nb5 O-O 17. a4 a5 18. Bc3 e5 19. Rd1 Ng6 20. e3 Nb4 21. d4 cxd4 22.
exd4 e4 23. Ne5 Nxe5 24. dxe5 Nd3 25. Qe3 Qe6 26. Nd6 Ba8 27. Rxb6 f4 28. gxf4
Qg4 29. Rf1 Nxf4 30. Qg3 Ne2+ 31. Kh1 Nxg3+ 32. hxg3 e3 33. Bxa8 Qh3+ 34. Kg1
exf2+ 35. Rxf2 Qxg3+ 36. Kh1 Qh4+ 37. Kg2 Rxf2+ 38. Kg1 Qh2# 0-1

[Event "TCh-LTU 2017"]
[Site "masterchessopen.com Lithuania LTU"]
[Date "2017.01.29"]
[Round "2.2"]
[White "Germanavicius,S"]
[Black "Lipskij,V"]
[Result "1-0"]
[WhiteElo "2335"]
[BlackElo "2092"]

1. Nf3 Nf6 2. g3 g6 3. Bg2 c5 4. O-O Bg7 5. c4 Nc6 6. Nc3 O-O 7. d3 d6 8. a3
Rb8 9. Rb1 Ne8 10. Bd2 Nc7 11. b4 cxb4 12. axb4 b5 13. cxb5 Nxb5 14. Nxb5 Rxb5
15. Qa4 a6 16. Rfc1 Nd4 17. Nxd4 Bxd4 18. Rc4 Bf6 19. Rbc1 Rb8 20. Rc7 d5 21.
Bh6 Bg7 22. Bxg7 Kxg7 23. d4 Qd6 24. R1c6 Qd8 25. e3 Bb7 26. Rc5 e6 27. Bf1
Qd6 28. Qa5 Rfd8 29. h4 h5 30. Bd3 Rd7 31. Rxd7 Qxd7 32. Qb6 Qd8 33. Rc7 Ba8
34. Qa7 Qe8 35. Rxf7+ Qxf7 36. Qxb8 Bb7 37. Qd6 {#r} 1-0

[Event "Portugal Open 2017"]
[Site "masterchessopen.com Lisbon POR"]
[Date "2017.02.05"]
[Round "4.27"]
[White "Martinez Lopez,J"]
[Black "Gomez Dieguez,D"]
[Result "0-1"]
[WhiteElo "2041"]
[BlackElo "2219"]

1. Nf3 Nf6 2. c4 c5 3. g3 g6 4. Bg2 Bg7 5. O-O O-O 6. d4 cxd4 7. Nxd4 Nc6 8.
Nc3 Qb6 9. Nc2 d6 10. Rb1 Qc5 11. b3 Qh5 12. e4 Ng4 13. h3 Bxc3 14. hxg4 Bxg4
15. f3 Be6 16. Kf2 Qa5 17. a3 f5 18. Bh3 Qe5 19. Bf4 Qf6 20. Qd3 Ne5 21. Bxe5
Bxe5 22. exf5 Bxf5 23. Bxf5 Qxf5 24. Qxf5 Rxf5 25. Ne3 Bd4 26. Rbd1 Bb6 27.
Ke2 Re5 28. Rd3 h5 29. Kd2 Bxe3+ 30. Rxe3 Rxe3 31. Kxe3 Kf7 32. Rd1 Rh8 33.
Rd5 h4 34. gxh4 Rxh4 35. Rb5 b6 36. a4 Rh5 {#R} 0-1

[Event "Turkish Cup 2017"]
[Site "masterchessopen.com Antalya TUR"]
[Date "2017.01.31"]
[Round "6.1"]
[White "Esen,B"]
[Black "Arat,Uf"]
[Result "1-0"]
[WhiteElo "2528"]
[BlackElo "2392"]

1. Nf3 Nf6 2. c4 g6 3. g3 c5 4. Bg2 Bg7 5. d4 cxd4 6. Nxd4 O-O 7. Nc3 Nc6 8.
O-O Qa5 9. Nb3 Qh5 10. Nd5 d6 11. Nf4 Qf5 12. Re1 Rd8 13. e4 Qd7 14. Bd2 b6
15. Bc3 Bb7 16. Nd5 Ne5 17. Nxf6+ Bxf6 18. f4 Nxc4 19. Bxf6 exf6 20. Qd4 d5
21. exd5 Qb5 22. Rad1 a5 23. Re7 Nd6 24. Qxf6 Qc4 25. Rc1 Qd3 26. Nd4 Qd2 27.
Rb1 Rac8 28. Nc6 Re8 29. Qxd6 Bxc6 30. Qxc6 Red8 31. Rc7 Rxc7 32. Qxc7 Re8 33.
Qc3 {#r} 1-0

[Event "TCh-CAT Gp1 2017"]
[Site "masterchessopen.com Barcelona ESP"]
[Date "2017.01.28"]
[Round "2.7"]
[White "Pijuan Herranz,M"]
[Black "Congiu,M"]
[Result "1-0"]
[WhiteElo "2202"]
[BlackElo "2215"]

1. d4 Nf6 2. Nf3 g6 3. g3 c5 4. c4 Bg7 5. Bg2 O-O 6. O-O cxd4 7. Nxd4 Nc6 8.
Nc3 d6 9. h3 Nxd4 10. Qxd4 Be6 11. Qh4 Rc8 12. b3 Rc5 13. Bf3 Qa5 14. Bd2 g5
15. Qd4 Bxh3 16. Rfd1 Ng4 17. Qd3 Ne5 18. Qe3 Nxf3+ 19. Qxf3 Rf5 20. Qd3 e6
21. Rac1 Qb6 22. Be3 Qc6 23. Qe4 Qa6 24. g4 Bxc3 25. gxf5 Bxf5 26. Qg2 Bb2 27.
Qxg5+ Kh8 28. Kh1 Rg8 29. Qe7 Qc6+ 30. f3 Be5 31. Bd4 Bxd4 32. Rxd4 h6 33.
Rxd6 Qc8 34. Qxf7 Rf8 35. Qh5 Kh7 36. Rcd1 Rg8 37. Rd7+ Rg7 38. Rxg7+ Kxg7 39.
Rg1+ Kf6 40. e4 {#r} 1-0

[Event "Gibraltar Masters 2017"]
[Site "masterchessopen.com Caleta ENG"]
[Date "2017.02.01"]
[Round "9.66"]
[White "Tsolakidou,Stavroula"]
[Black "Gluckman,D"]
[Result "1-0"]
[WhiteElo "2387"]
[BlackElo "2215"]

1. d4 e6 2. g3 d5 3. Bg2 f5 4. Nh3 Nf6 5. c4 c6 6. O-O Bd6 7. Bf4 Be7 8. Bg5
O-O 9. e3 h6 10. Bxf6 Rxf6 11. Nf4 Nd7 12. Nd2 g5 13. Nd3 Nf8 14. Qc2 Bd7 15.
Nf3 Be8 16. Nfe5 Bg6 17. b4 a6 18. a4 Rc8 19. Qb3 f4 20. Ng4 Nd7 21. Nxf6+
Nxf6 22. exf4 dxc4 23. Qxc4 Nd5 24. Bh3 Bf5 25. Bxf5 exf5 26. fxg5 hxg5 27.
Nc5 Qe8 28. b5 Qh5 29. bxc6 bxc6 30. Qxa6 Rc7 31. Ne6 Qh3 32. Nxc7 {#r} 1-0

[Event "13th Moscow Open B w 2017"]
[Site "masterchessopen.com Moscow RUS"]
[Date "2017.02.03"]
[Round "7.4"]
[White "Schepetkova,M"]
[Black "Goryachkina,A"]
[Result "1-0"]
[WhiteElo "2296"]
[BlackElo "2466"]

1. d4 e6 2. c4 b6 3. e4 Bb7 4. Bd3 Bb4+ 5. Kf1 Be7 6. Nc3 d6 7. Nge2 Nf6 8. f3
Nfd7 9. Bc2 O-O 10. Kf2 Na6 11. Re1 c5 12. d5 Ne5 13. b3 Nc7 14. Kg1 Qd7 15.
a4 a6 16. f4 Ng6 17. Rb1 exd5 18. exd5 b5 19. Ng3 b4 20. Bf5 Qd8 21. Nce4 Bh4
22. Qg4 Bc8 23. Bb2 Bxf5 24. Nxf5 Bxe1 25. Rxe1 f6 26. h4 Ne8 27. h5 Ne5 28.
fxe5 dxe5 29. Bc1 Rc8 30. Be3 Kh8 31. Nxc5 Rg8 32. Ne7 f5 33. Qxf5 Nd6 34. Qd7
{#r} 1-0

[Event "Portugal Open 2017"]
[Site "masterchessopen.com Lisbon POR"]
[Date "2017.02.04"]
[Round "2.16"]
[White "Guerra,Vic"]
[Black "Abergel,T"]
[Result "0-1"]
[WhiteElo "2130"]
[BlackElo "2464"]

1. d4 g6 2. c4 Bg7 3. e4 d6 4. h3 Nc6 5. Nf3 e5 6. Be3 exd4 7. Nxd4 Nf6 8. Nc3
O-O 9. Be2 Re8 10. Nxc6 bxc6 11. Bf3 Rb8 12. Qc2 c5 13. Rd1 Bb7 14. O-O Qe7
15. Nd5 Nxd5 16. exd5 Bc8 17. b3 Qf6 18. Be2 a5 19. Bd3 a4 20. Rb1 axb3 21.
axb3 Bd7 22. Bd2 Ra8 23. Rfe1 Red8 24. Re3 Re8 25. Rf3 Qd4 26. Rf4 Qe5 27. Re4
Qf6 28. Rf4 Qd8 29. Rf3 Ra3 30. b4 cxb4 31. Rxb4 Ra1+ 32. Rb1 Qa8 33. Re3 Rb8
34. Ree1 Ra3 35. Rxb8+ Qxb8 36. Rb1 Qa7 37. Be3 Bd4 38. Bxd4 Qxd4 39. Rd1 Ba4
40. Be2 Qa7 {#R} 0-1

[Event "PRO League Atlantic 2017"]
[Site "masterchessopen.com chess.com INT"]
[Date "2017.02.01"]
[Round "4"]
[White "Paragua,M"]
[Black "Pacheco,Dan"]
[Result "1-0"]
[WhiteElo "2492"]
[BlackElo "2279"]

1. d4 e6 2. Nf3 b6 3. Bf4 Bb7 4. e3 f5 5. Be2 Nf6 6. h3 Be7 7. c4 Bb4+ 8. Nc3
Ne4 9. Qc2 O-O 10. O-O Bxc3 11. bxc3 g5 12. Bh2 d6 13. d5 e5 14. Bd3 Bc8 15.
Bxe4 fxe4 16. Nd2 g4 17. hxg4 Bxg4 18. Qxe4 Bf5 19. Qf3 Bd3 20. Qg4+ Kh8 21.
Rfe1 Rg8 22. Qh3 Qg5 23. f4 Qg7 24. fxe5 Bf5 25. Qf3 Bg4 26. Qg3 Nd7 27. exd6
Qxc3 28. Ne4 Qxc4 29. Nf2 Raf8 30. Rac1 Qb4 31. a3 Qa4 32. dxc7 Nc5 33. Nxg4
Rxg4 34. Rf1 Rc8 35. Qe5+ Rg7 36. Rf7 Qg4 37. Rxg7 Qxg7 38. Rxc5 bxc5 39. d6
{#r} 1-0

[Event "PRO League Atlantic 2017"]
[Site "masterchessopen.com chess.com INT"]
[Date "2017.02.01"]
[Round "4"]
[White "Kumar,Aravind"]
[Black "Noritsyn,N"]
[Result "0-1"]
[WhiteElo "2209"]
[BlackElo "2468"]

1. d4 e6 2. c4 Bb4+ 3. Nc3 f5 4. e3 Bxc3+ 5. bxc3 Nf6 6. Bd3 d6 7. Ne2 e5 8.
O-O c5 9. d5 O-O 10. f3 e4 11. Bc2 Nbd7 12. fxe4 Nxe4 13. Rxf5 Rxf5 14. Bxe4
Re5 15. Ng3 Nf6 16. Bf3 h5 17. Nxh5 Nxh5 18. Bxh5 Qh4 19. Be2 Bf5 20. Bd2 Rf8
21. Be1 Qg5 22. Bf2 Bh3 23. Bf3 Bxg2 24. Bxg2 Rxf2 25. Kxf2 Qxe3+ 26. Kf1 Rf5+
27. Bf3 Rxf3+ 28. Kg2 Rf2+ {#R} 0-1

[Event "PRO League Eastern 2017"]
[Site "masterchessopen.com chess.com INT"]
[Date "2017.02.01"]
[Round "4"]
[White "Chakravarthi,Y"]
[Black "Reimanis,R"]
[Result "0-1"]
[WhiteElo "2047"]
[BlackElo "2264"]

1. d4 e6 2. Bf4 d5 3. e3 Bd6 4. Bxd6 Qxd6 5. Qg4 g6 6. Nd2 c5 7. c3 Nc6 8. f4
Bd7 9. Qg3 a6 10. Ngf3 Nge7 11. Bd3 b5 12. Ne5 f6 13. Nxd7 Kxd7 14. dxc5 Qxc5
15. O-O Nf5 16. Bxf5 gxf5 17. Nb3 Qe7 18. Rfd1 Rhg8 19. Qf3 Kc7 20. a4 Rgb8
21. Nd4 Nxd4 22. Rxd4 bxa4 23. Qe2 Rb6 24. Rdxa4 Qc5 25. Kf2 Rab8 26. R1a2 Qb5
27. Qh5 Qd7 28. b4 Kb7 29. Qe2 Qc6 30. Rxa6 Rxa6 31. b5 Qxc3 32. Rxa6 Rc8 33.
Rxe6 Qb3 34. Qf3 Qxb5 35. Kg3 Qd7 36. Rxf6 Qg7+ 37. Kh3 Qxf6 38. Qxd5+ Rc6 39.
Qb5+ Kc8 40. Qd3 Rc3 41. Qd2 Qh6+ 42. Kg3 Qg6+ 43. Kf3 Qc6+ 44. Kg3 Rc2 45.
Qd4 Qxg2+ 46. Kh4 Qg4# 0-1

[Event "PRO League Pacific 2017"]
[Site "masterchessopen.com chess.com INT"]
[Date "2017.02.01"]
[Round "4"]
[White "Grabinsky,Aaron"]
[Black "Xu,Grant Y"]
[Result "1-0"]
[WhiteElo "2380"]
[BlackElo "2193"]

1. d4 e6 2. Bf4 Nf6 3. e3 c5 4. Nf3 cxd4 5. exd4 b6 6. c3 Bb7 7. Nbd2 Be7 8.
Bd3 O-O 9. Qe2 d6 10. h3 a6 11. O-O Nbd7 12. Rfe1 Re8 13. a4 Bf8 14. Bh2 e5
15. dxe5 Nxe5 16. Nxe5 dxe5 17. Ne4 Nd7 18. Bc4 Nc5 19. Rad1 Nxe4 20. Rxd8
Raxd8 21. Qf3 Nd6 22. Bxf7+ Kh8 23. Qh5 Nxf7 24. Qxf7 Bd5 25. Qc7 Rc8 26. Qxb6
Bc5 27. Qxa6 Bc4 28. Qb7 Rf8 29. Bg3 Rcd8 30. Qc7 Rd5 31. b4 {#r} 1-0

[Event "TCh-CAT Gp2 2017"]
[Site "masterchessopen.com Barcelona ESP"]
[Date "2017.01.28"]
[Round "2.9"]
[White "Fernandez Serrano,P"]
[Black "Yepes Martinez,E"]
[Result "0-1"]
[WhiteElo "2047"]
[BlackElo "2194"]

1. d4 e6 2. Bf4 f5 3. e3 Nf6 4. Nf3 d6 5. Bc4 Qe7 6. Nc3 g6 7. Qe2 Bg7 8. O-O
Nc6 9. a4 O-O 10. a5 a6 11. d5 Nd8 12. dxe6 Bxe6 13. Bg5 Qf7 14. Nd2 h6 15.
Bf4 g5 16. Bg3 d5 17. Bb3 Ne4 18. Na4 Nxd2 19. Qxd2 d4 20. Bxe6 Nxe6 21. f4
dxe3 22. Qb4 Rad8 23. c3 Rd2 24. Rae1 gxf4 25. Bxf4 Nxf4 26. Qxf4 Qd5 27. Rxe3
{#R} 0-1

[Event "TCh-CAT Gp2 2017"]
[Site "masterchessopen.com Barcelona ESP"]
[Date "2017.01.28"]
[Round "2.7"]
[White "Del Amo Carbo,J"]
[Black "Hernando Rodrigo,Jo"]
[Result "0-1"]
[WhiteElo "2106"]
[BlackElo "2297"]

1. d4 g6 2. Nf3 f5 3. g3 Nf6 4. Bg2 Bg7 5. O-O O-O 6. b3 d6 7. Bb2 c6 8. c4 e5
9. dxe5 Ng4 10. Nc3 Nxe5 11. Qd2 Na6 12. Rad1 Qa5 13. a3 Qb6 14. Nxe5 dxe5 15.
b4 Be6 16. c5 Qd8 17. Qc2 Qe7 18. Rd6 Rae8 19. Rfd1 Qf7 20. Qc1 Bb3 21. Rd7
Re7 22. Rxe7 Qxe7 23. Rd6 Bf6 24. Qd2 Rf7 25. e4 f4 26. gxf4 exf4 27. e5 Bxe5
28. Ne4 Bd5 29. Bxe5 Qxe5 30. Rxd5 cxd5 31. Nd6 Qa1+ 32. Bf1 Re7 33. Qxd5+ Kg7
34. Kg2 Nc7 35. Qg5 f3+ 36. Kxf3 Re5 37. Qf4 Nd5 38. Qf7+ Kh6 39. Qf8+ Kh5 40.
Nf7 Rf5+ 41. Kg2 Ne3+ 42. Kg3 Nxf1+ {#R} 0-1

[Event "13th Moscow Open A 2017"]
[Site "masterchessopen.com Moscow RUS"]
[Date "2017.01.31"]
[Round "4.15"]
[White "Ovod,E"]
[Black "Belyakov,B"]
[Result "0-1"]
[WhiteElo "2380"]
[BlackElo "2487"]

1. d4 d6 2. e4 Nf6 3. Bd3 e5 4. c3 g6 5. Nf3 Nbd7 6. O-O Bg7 7. Nbd2 O-O 8.
Re1 b6 9. a4 a6 10. b4 Bb7 11. Bb2 Nh5 12. Qb3 Kh8 13. a5 Nf4 14. Bf1 b5 15.
g3 Nh5 16. Bg2 Nhf6 17. dxe5 dxe5 18. c4 Qe7 19. cxb5 axb5 20. Bf1 c6 21. Bc3
Ne8 22. Qb2 Nc7 23. Nb3 Na6 24. Nc1 Rfd8 25. Nd3 f6 26. Nd2 Nf8 27. f4 exf4
28. gxf4 c5 29. bxc5 Ne6 30. Qxb5 f5 31. exf5 Bxc3 32. Rxe6 Bd4+ 33. Nf2 Qh4
34. Qe2 Nxc5 35. Rb1 Nxe6 36. fxe6 Ba6 37. Qf3 Qxf2+ 38. Qxf2 Bxf2+ 39. Kxf2
Rxd2+ 40. Ke3 Rd6 {#R} 0-1

[Event "ch-MDA 2017"]
[Site "masterchessopen.com Chisinau MDA"]
[Date "2017.01.30"]
[Round "3.1"]
[White "Baltag,I"]
[Black "Sanduleac,V"]
[Result "0-1"]
[WhiteElo "2387"]
[BlackElo "2411"]

1. d4 d6 2. Nf3 g6 3. c4 Bg7 4. Nc3 c6 5. g3 Bg4 6. Be3 Nf6 7. Bg2 O-O 8. h3
Bxf3 9. Bxf3 Nbd7 10. O-O e6 11. Bg2 d5 12. Qd3 dxc4 13. Qxc4 Nb6 14. Qd3 Nfd5
15. Nxd5 Nxd5 16. Bd2 Qb6 17. e3 Rfd8 18. Qe2 e5 19. e4 Nc7 20. dxe5 Bxe5 21.
Bg5 Rd7 22. Rfd1 Rxd1+ 23. Rxd1 Ne6 24. Be3 Bd4 25. Bxd4 Nxd4 26. Qc4 Rd8 27.
b4 Ne6 28. Rxd8+ Qxd8 29. Bf1 Qd2 30. h4 Nd4 31. Kg2 Nc2 32. Qc5 h5 33. b5 b6
{#R} 0-1

[Event "PRO League Eastern 2017"]
[Site "masterchessopen.com chess.com INT"]
[Date "2017.02.01"]
[Round "4"]
[White "Mithil,A"]
[Black "Indjic,A"]
[Result "0-1"]
[WhiteElo "2216"]
[BlackElo "2560"]

1. d4 d6 2. Nf3 g6 3. g3 Bg7 4. Bg2 c5 5. c3 Qc7 6. O-O Nf6 7. Nbd2 O-O 8. b3
Nbd7 9. Bb2 b6 10. c4 cxd4 11. Nxd4 Bb7 12. Nb5 Qc8 13. e4 a6 14. Nc3 e6 15.
Re1 Qc7 16. Rc1 Rfe8 17. Nf1 h5 18. Rc2 Rad8 19. Rd2 Bf8 20. Na4 b5 21. cxb5
axb5 22. Rc2 Qb8 23. Nc3 b4 24. Nb5 Rc8 25. Rd2 Rc6 26. Ne3 Rb6 27. Nd4 Nxe4
28. Bxe4 Bxe4 29. Nc4 Ba8 30. Nxb6 Qxb6 31. Qc2 Qb7 32. f3 e5 33. Rf2 Rc8 34.
Qd2 exd4 35. Qxd4 f6 36. Qd3 Kh7 37. Rfe2 Ne5 38. Bxe5 dxe5 39. Re4 Rc3 40.
Qd8 Be7 41. Qe8 Bc5+ 42. Kh1 Rxf3 43. Rd1 Rf1+ 44. Kg2 Qxe4+ 45. Kxf1 Qf3+ 46.
Ke1 Qf2# 0-1

[Event "Portugal Open 2017"]
[Site "masterchessopen.com Lisbon POR"]
[Date "2017.02.05"]
[Round "4.20"]
[White "Costa,Pa"]
[Black "Ozer,Omer Faruk"]
[Result "0-1"]
[WhiteElo "2114"]
[BlackElo "2344"]

1. d4 c5 2. d5 g6 3. g3 Bg7 4. Bg2 Nf6 5. c4 O-O 6. Nc3 d6 7. Nf3 Bf5 8. Nd2
Na6 9. e4 Bg4 10. f3 Bd7 11. O-O e6 12. Ndb1 exd5 13. exd5 Re8 14. b4 Nxb4 15.
Nb5 Bf5 16. Bf4 Nh5 17. Bxd6 a6 18. Bxc5 Nd3 19. Nd6 Bf8 20. Nxb7 Bxc5+ 21.
Nxc5 Nxc5 22. g4 Nf4 23. Qd4 Ncd3 24. Kh1 Qg5 {#R} 0-1

[Event "PRO League Atlantic 2017"]
[Site "masterchessopen.com chess.com INT"]
[Date "2017.02.01"]
[Round "4"]
[White "Biag,Ivan Gil"]
[Black "Mavrich,D"]
[Result "1-0"]
[WhiteElo "2337"]
[BlackElo "2270"]

1. d4 c5 2. d5 e5 3. e4 d6 4. Nc3 g6 5. h4 Bg7 6. h5 g5 7. Bb5+ Nd7 8. a4 h6
9. Nf3 Ngf6 10. Nd2 O-O 11. Bd3 a5 12. Nc4 Nb6 13. Ne3 Qe7 14. b3 Bd7 15. f3
Rfc8 16. Bb5 Bxb5 17. Nxb5 Ne8 18. Nf5 Qf6 19. Be3 Bf8 20. c4 Ng7 21. Ng3 Nd7
22. Ra2 Nb8 23. Rf2 Na6 24. Qd2 Nb4 25. Nf1 Qd8 26. Ng3 b6 27. Nc3 Rab8 28.
Nf5 f6 29. Nxh6+ {#r} 1-0

[Event "PRO League Pacific 2017"]
[Site "masterchessopen.com chess.com INT"]
[Date "2017.02.01"]
[Round "4"]
[White "Troff,Kayden W"]
[Black "Costigan,R"]
[Result "1-0"]
[WhiteElo "2511"]
[BlackElo "2301"]

1. d4 c5 2. d5 e5 3. e4 d6 4. f4 exf4 5. Bxf4 Ne7 6. Nf3 Ng6 7. Bg3 Be7 8. Nc3
O-O 9. Be2 f6 10. O-O Nd7 11. a4 b6 12. Nd2 Nde5 13. h4 a6 14. h5 Nh8 15. Bxe5
fxe5 16. Bg4 Rxf1+ 17. Nxf1 Bxg4 18. Qxg4 Qc8 19. Qg3 Nf7 20. Ne3 Qd7 21. Rf1
Rf8 22. Nf5 Bg5 23. Ne2 g6 24. hxg6 hxg6 25. Nh4 Kg7 26. Rxf7+ Qxf7 27. Qxg5
Qf2+ 28. Kh2 Qxe2 29. Qxg6+ Kh8 30. Nf5 Rxf5 31. exf5 Qf2 32. Qh6+ Kg8 33. f6
Qf4+ 34. Qxf4 exf4 35. Kh3 Kf7 36. Kg4 Kxf6 37. Kxf4 b5 38. axb5 axb5 39. g4
Kg6 40. g5 {#r} 1-0

[Event "13th Moscow Open F 2017"]
[Site "masterchessopen.com Moscow RUS"]
[Date "2017.01.30"]
[Round "4.14"]
[White "Aseeva,A"]
[Black "Matsenko,A"]
[Result "0-1"]
[WhiteElo "2002"]
[BlackElo "2356"]

1. d4 Nf6 2. g3 d5 3. Bg2 b5 4. Nf3 Bb7 5. O-O e6 6. a4 b4 7. c3 Nbd7 8. cxb4
Bxb4 9. Bd2 c5 10. e3 O-O 11. Nc3 Ba6 12. Re1 Rb8 13. Rc1 Qb6 14. Qc2 Rfc8 15.
Bf1 cxd4 16. exd4 Bxf1 17. Rxf1 Ne4 18. Rfd1 Qa5 19. Qd3 Bxc3 20. Bxc3 Qxa4
21. Ra1 Qb3 22. Nd2 Nxd2 23. Qxd2 Rb7 24. Ra3 Qb6 25. Rda1 Nf6 26. f3 h6 27.
Ra6 Qc7 28. R1a5 Nd7 29. Qd1 Nb8 30. Rc5 Nxa6 31. Rxc7 Nxc7 32. Qa4 Nb5 33.
Bd2 Rc4 34. Qa6 Rb6 35. Qa1 Nxd4 36. Be3 Rb7 37. Qd1 Nf5 38. Bc1 d4 39. g4 Nh4
40. Kf2 d3 41. Kg3 Ng6 42. h4 Rd7 43. h5 Rxc1 44. Qxc1 d2 45. Qd1 Ne5 46. b3
a5 47. Kf4 Nd3+ 48. Ke3 Nb2 49. Qxd2 Nd1+ {#R} 0-1

[Event "Gonzaga Classic Masters"]
[Site "masterchessopen.com Dublin IRL"]
[Date "2017.01.28"]
[Round "2.1"]
[White "Ramondino,R"]
[Black "Miezis,N"]
[Result "0-1"]
[WhiteElo "2168"]
[BlackElo "2507"]

1. d4 Nf6 2. Bg5 d5 3. Bxf6 exf6 4. e3 c6 5. g3 Qb6 6. b3 h5 7. h4 Bf5 8. Ne2
Bd6 9. Bg2 Nd7 10. Nd2 Qa5 11. O-O g5 12. e4 Bg4 13. f3 Be6 14. exd5 cxd5 15.
f4 gxf4 16. Nxf4 Qc3 17. Ne2 Qe3+ 18. Kh2 Rg8 19. Rf3 Qh6 20. Nf1 O-O-O 21. c4
Kb8 22. c5 Bc7 23. b4 Bg4 24. Ra3 Rde8 25. Qa4 Rxe2 26. Qxa7+ Kc8 27. Qa8+ Bb8
28. b5 Kd8 29. c6 bxc6 30. bxc6 Ke7 31. Qb7 Bd6 32. Rb3 Rb8 33. Qa7 Rd8 34.
cxd7 f5 35. Qa5 f4 36. Re1 f3 37. Rxe2+ fxe2 38. Ne3 Rxd7 39. Bf3 Qe6 40. Bxg4
hxg4 41. Nxd5+ Kf8 42. Re3 Qf5 43. Rxe2 Bxg3+ 44. Kg1 Rxd5 45. Qa3+ Bd6 46.
Qa8+ Kg7 47. Re8 Qb1+ 48. Kg2 Qb2+ 49. Kh1 Qh2# 0-1

[Event "Mayors Cup Yerevan KO"]
[Site "masterchessopen.com Yerevan ARM"]
[Date "2017.01.31"]
[Round "1.4"]
[White "Hakobyan,Aram"]
[Black "Grigoryan,K2"]
[Result "1-0"]
[WhiteElo "2422"]
[BlackElo "2571"]

1. d4 Nf6 2. Bg5 g6 3. Bxf6 exf6 4. e3 Bg7 5. Ne2 O-O 6. h4 h5 7. g4 hxg4 8.
h5 d5 9. c4 f5 10. hxg6 fxg6 11. Nf4 g5 12. Nxd5 c5 13. dxc5 Nc6 14. Nbc3 Ne5
15. Be2 f4 16. Qc2 Bf5 17. e4 Bg6 18. O-O-O f3 19. Bf1 Rc8 20. b4 Rc6 21. Qb3
Qe8 22. Nb5 Qf7 23. Nd6 Qd7 24. Qe3 Rxd6 25. cxd6 Qxd6 26. Qxg5 Qa6 27. Ne7+
Kf7 28. Nxg6 Qa3+ 29. Kb1 Qxb4+ 30. Kc2 Qa4+ 31. Kd2 Qa5+ 32. Ke3 Qc5+ 33. Rd4
Nxc4+ 34. Bxc4+ {#r} 1-0

[Event "Mayors Cup Yerevan KO"]
[Site "masterchessopen.com Yerevan ARM"]
[Date "2017.01.31"]
[Round "1.5"]
[White "Hakobyan,Aram"]
[Black "Grigoryan,K2"]
[Result "1-0"]
[WhiteElo "2422"]
[BlackElo "2571"]

1. d4 Nf6 2. Bg5 d5 3. e3 c5 4. Bxf6 gxf6 5. dxc5 e6 6. Nf3 Bxc5 7. Be2 Nc6 8.
O-O Be7 9. Nbd2 O-O 10. c4 dxc4 11. Bxc4 f5 12. Qe2 Bf6 13. Rad1 Qb6 14. e4
Qxb2 15. Rb1 Qa3 16. Rb3 Qe7 17. Re1 Qc7 18. e5 Bg7 19. Nf1 Na5 20. Rb4 Nxc4
21. Rxc4 Qb6 22. Ng3 Bd7 23. Rh4 Bb5 24. Qd2 Qd8 25. Qf4 Rc8 26. Nh5 Qxh4 27.
Qxh4 Rc4 28. Qg5 Rg4 29. Nf6+ Kh8 30. Nxg4 {#r} 1-0

[Event "Mayors Cup Yerevan KO"]
[Site "masterchessopen.com Yerevan ARM"]
[Date "2017.01.31"]
[Round "2.2"]
[White "Hakobyan,Aram"]
[Black "Hovhannisyan,R"]
[Result "1-0"]
[WhiteElo "2422"]
[BlackElo "2631"]

1. d4 Nf6 2. Bg5 e6 3. e4 c5 4. d5 h6 5. Bxf6 Qxf6 6. Nc3 d6 7. Bb5+ Nd7 8.
dxe6 fxe6 9. Nf3 Qe7 10. a4 a6 11. Bc4 b6 12. O-O Bb7 13. Re1 g5 14. e5 d5 15.
Bxd5 exd5 16. Nxd5 Bxd5 17. Qxd5 Rc8 18. Rad1 Bg7 19. e6 Nf6 20. Qd7+ Nxd7 21.
exd7+ Kf7 22. Rxe7+ Kxe7 23. dxc8=Q Rxc8 24. c3 Rf8 25. Kf1 Ke6 26. Ke2 Rf4
27. Ra1 Kd5 28. Nd2 g4 29. g3 Rf7 30. Nf1 h5 31. Rd1+ Kc6 32. Ne3 Re7 33. Rd8
Re4 34. Rg8 Be5 35. Rg6+ Kb7 36. Re6 c4 37. f3 {#r} 1-0

[Event "22nd HIT Open 2017"]
[Site "masterchessopen.com Nova Gorica SLO"]
[Date "2017.01.29"]
[Round "5.6"]
[White "Tica,Sven"]
[Black "Subelj,Jan"]
[Result "0-1"]
[WhiteElo "2352"]
[BlackElo "2193"]

1. d4 Nf6 2. g3 e6 3. Bg2 d5 4. Nf3 c6 5. O-O Be7 6. c4 O-O 7. Nc3 Nbd7 8. b3
b6 9. Bb2 Ba6 10. Re1 dxc4 11. bxc4 Bxc4 12. Nd2 Ba6 13. Bxc6 Rc8 14. Bg2 b5
15. a4 b4 16. Nb5 Qb6 17. Qb3 Bb7 18. Nc4 Rxc4 19. Bxb7 Qxb7 20. Qxc4 a6 21.
Qc7 Rb8 22. Qxb7 Rxb7 23. Rec1 axb5 24. Rc8+ Bf8 25. a5 Ra7 26. f3 Nd5 27. Kf2
Ne7 28. Rc2 Nf5 29. a6 Nd6 30. Ra5 Nb8 31. d5 Rxa6 32. Rxa6 Nxa6 33. dxe6 Nc4
34. exf7+ Kxf7 35. Bd4 b3 36. Rc3 Bc5 37. e3 Bxd4 38. exd4 b2 39. Rb3 Nc7 40.
Ke2 Ke6 41. Kd3 Kd5 42. Rb4 Kc6 43. Kc2 Nd5 44. Rb3 b4 {#R} 0-1

[Event "22nd HIT Open 2017"]
[Site "masterchessopen.com Nova Gorica SLO"]
[Date "2017.01.29"]
[Round "5.16"]
[White "Capaliku,A"]
[Black "Sekulic,D"]
[Result "0-1"]
[WhiteElo "2049"]
[BlackElo "2218"]

1. d4 Nf6 2. Bf4 b6 3. e3 Bb7 4. h3 g6 5. Nf3 Bg7 6. c4 O-O 7. Nc3 d6 8. Be2
Nbd7 9. O-O a6 10. Qc2 Qe8 11. e4 e5 12. dxe5 dxe5 13. Bg5 h6 14. Bxf6 Bxf6
15. Nd5 Bd8 16. Rad1 c6 17. Ne3 Bf6 18. Ng4 Bg7 19. Rd6 h5 20. Ne3 Nc5 21. b4
Ne6 22. c5 b5 23. Kh2 Nd4 24. Qd3 a5 25. Nc2 Ne6 26. a3 axb4 27. axb4 Nf4 28.
Qd2 Ra2 29. Ra1 Qa8 30. Rxa2 Qxa2 31. Bf1 Qb1 32. Qd1 Qb2 33. g3 Ne6 34. Qd2
Ra8 35. Ne3 Ra2 36. Qxb2 Rxb2 37. Kg2 Rxb4 38. Rd7 Nxc5 39. Rc7 Rxe4 40. Ng5
Ra4 41. Bxb5 cxb5+ {#R} 0-1

[Event "25th Fajr Open 2017"]
[Site "masterchessopen.com Sareyn IRI"]
[Date "2017.02.02"]
[Round "8.8"]
[White "Khademi,M"]
[Black "Tsomaia,Nikoloz"]
[Result "0-1"]
[WhiteElo "2315"]
[BlackElo "2246"]

1. d4 Nf6 2. Bg5 e6 3. e4 h6 4. Bxf6 Qxf6 5. Nf3 g6 6. Nc3 Bg7 7. Bd3 d6 8. e5
Qe7 9. Qe2 a6 10. h4 Nd7 11. exd6 cxd6 12. O-O O-O 13. h5 g5 14. Rae1 Re8 15.
Nh2 Bxd4 16. Nd5 Qd8 17. Ng4 Kf8 18. Nde3 f5 19. f4 Kg7 20. c3 Bb6 21. Nf2 Nf6
22. g3 gxf4 23. gxf4 Kh8 24. Kh2 Rg8 25. Rg1 Ng4+ 26. Nfxg4 Qh4+ 27. Kg2 Bd7
28. Kf1 fxg4 29. Rxg4 Bxe3 30. Rxg8+ Rxg8 31. Qxe3 Qh2 32. Bg6 Bb5+ 33. Re2
Bxe2+ 34. Qxe2 Qxf4+ {#R} 0-1